[Event "BL 8889 Kirchheim-Delmenhorst"]
[Site "?"]
[Date "1989.??.??"]
[Round "?.1"]
[White "Reeh, O."]
[Black "Adorjan, A."]
[Result "1/2-1/2"]
[WhiteElo "2460"]
[BlackElo "2520"]
[PlyCount "39"]
[EventDate "1989.??.??"]

1. e4 c5 2. Nf3 e6 3. d4 cxd4 4. Nxd4 Nf6 5. Nc3 d6 6. f4 a6 7. Nf3 Nbd7 8. Bd3
Nc5 9. O-O Be7 10. Kh1 O-O 11. Qe1 b5 12. e5 Ne8 13. Ne4 Nxd3 14. cxd3 Bb7 15.
d4 Rc8 16. Bd2 Rc4 17. Rc1 Rxc1 18. Bxc1 Nc7 19. Bd2 Nd5 20. Qg3 1/2-1/2

[Event "BL 8889 Kirchheim-Delmenhorst"]
[Site "?"]
[Date "1989.??.??"]
[Round "?.5"]
[White "Wesseln, K."]
[Black "Vonthron, H."]
[Result "0-1"]
[WhiteElo "2350"]
[BlackElo "2330"]
[PlyCount "124"]
[EventDate "1989.??.??"]

1. d4 Nf6 2. c4 e6 3. Nc3 Bb4 4. g3 O-O 5. Bg2 d5 6. Nf3 dxc4 7. O-O Nc6 8. Re1
Nd5 9. Bd2 Nb6 10. Ne4 Be7 11. Bc3 f5 12. Ned2 a5 13. a3 f4 14. e4 fxe3 15.
Rxe3 Bf6 16. Ne4 Nd5 17. Re1 b5 18. Nc5 Qd6 19. Nd2 Rb8 20. a4 b4 21. Nxc4 Qd8
22. Bd2 Bxd4 23. Nxe6 Bxe6 24. Rxe6 Rxf2 25. Kh1 Rxg2 26. Kxg2 Nf4+ 27. Bxf4
Qd5+ 28. Qf3 Qxe6 29. Rc1 Rf8 30. Ne3 Ne7 31. Nc2 Bb6 32. Re1 Qf7 33. Qd3 Qd5+
34. Qe4 Qxe4+ 35. Rxe4 Nd5 36. Na1 h6 37. Nb3 g5 38. Be5 Rf2+ 39. Kh3 Ne3 40.
Bxc7 Bxc7 41. Rxe3 Rxb2 42. Kg4 Rc2 43. Kf5 Kf7 44. Rd3 Rf2+ 45. Ke4 Kf6 46.
Rd7 Re2+ 47. Kd3 Re7 48. Rd5 Re5 49. Rd7 Bb6 50. Rd6+ Re6 51. Rd5 Re3+ 52. Kc4
Rc3+ 53. Kb5 Be3 54. Nxa5 b3 55. Ka6 b2 56. Rb5 Rc8 57. Kb7 Rc5 58. Rb6+ Kf5
59. g4+ Ke5 60. Nc6+ Rxc6 61. Rxb2 Rc4 62. Rb3 Bd2 0-1

[Event "BL 8889 Kirchheim-Delmenhorst"]
[Site "?"]
[Date "1989.??.??"]
[Round "?.6"]
[White "Mudelsee, M."]
[Black "Schlemermeyer, W."]
[Result "0-1"]
[WhiteElo "2385"]
[BlackElo "2265"]
[PlyCount "120"]
[EventDate "1989.??.??"]

1. e4 g6 2. d4 Bg7 3. Nc3 d6 4. Be3 c6 5. Qd2 b5 6. a3 Nd7 7. d5 Bb7 8. dxc6
Bxc6 9. Bd4 Ngf6 10. Bxb5 Bxb5 11. Nxb5 Nxe4 12. Qe3 Ndf6 13. Nxa7 Qd7 14. c4
d5 15. Bxf6 Nxf6 16. Nb5 dxc4 17. Nc3 O-O 18. Nf3 Nd5 19. Rd1 Nxe3 20. Rxd7
Nxg2+ 21. Kd2 Rfd8 22. Rxd8+ Rxd8+ 23. Kc2 Nf4 24. Nd2 Rc8 25. Re1 Ne6 26. Nd5
Rc5 27. Nc3 Kf8 28. Nce4 Rc7 29. Nf3 Nd4+ 30. Nxd4 Bxd4 31. Rd1 Be5 32. Rd8+
Kg7 33. h3 f5 34. Nc3 Kf7 35. a4 Ra7 36. Rc8 Bxc3 37. Kxc3 Rxa4 38. Rxc4 Ra1
39. b4 Ra3+ 40. Kb2 Ra7 41. Kb3 Ke6 42. b5 Kd5 43. Rc2 Ra1 44. Kb4 Rb1+ 45. Ka5
e5 46. Rc7 Rb2 47. Rxh7 Rxf2 48. Rg7 Rh2 49. Rd7+ Kc5 50. Rc7+ Kd5 51. Rd7+ Ke4
52. Rh7 f4 53. b6 Rb2 54. b7 Kf3 55. Ka6 e4 56. Rh6 Rxb7 57. Kxb7 g5 58. Rg6 e3
59. Kc6 e2 60. Re6 Kf2 0-1

[Event "BL 8889 HSK-Kirchheim"]
[Site "?"]
[Date "1989.??.??"]
[Round "?.2"]
[White "Wahls, M."]
[Black "Mueller, O."]
[Result "1-0"]
[WhiteElo "2460"]
[BlackElo "2355"]
[PlyCount "74"]
[EventDate "1989.??.??"]

1. e4 c5 2. Nf3 e6 3. d4 cxd4 4. Nxd4 Nf6 5. Nc3 d6 6. g4 h6 7. h4 e5 8. Nf5
Nc6 9. Bg2 Be6 10. h5 g6 11. hxg6 fxg6 12. Ne3 Bg7 13. Ncd5 Ne7 14. Nxf6+ Bxf6
15. Nd5 Bg7 16. Qf3 Qd7 17. Qf6 Nxd5 18. Qxg6+ Bf7 19. Qxg7 Rg8 20. Qxh6 Qxg4
21. Rh2 Rg6 22. Qh8+ Rg8 23. Qh6 Rg6 24. Qh3 Qxh3 25. Bxh3 Rg1+ 26. Kd2 Nf6 27.
Bf5 Ke7 28. b3 Be6 29. Bb2 Rxa1 30. Bxa1 Bxf5 31. exf5 Rg8 32. f4 exf4 33. Re2+
Kf7 34. Re6 Rg2+ 35. Kd3 Ne8 36. Rh6 Ng7 37. Rh7 Kg8 1-0

[Event "BL 8889 HSK-Kirchheim"]
[Site "?"]
[Date "1989.??.??"]
[Round "?.5"]
[White "Vonthron, H."]
[Black "Wegner, H."]
[Result "1-0"]
[WhiteElo "2330"]
[BlackElo "2290"]
[PlyCount "85"]
[EventDate "1989.??.??"]

1. e4 c5 2. Nf3 Nc6 3. Nc3 e6 4. Bb5 Nge7 5. O-O a6 6. Bxc6 Nxc6 7. d4 cxd4 8.
Nxd4 d6 9. Nxc6 bxc6 10. Qg4 h5 11. Qe2 Be7 12. b3 h4 13. Na4 h3 14. g3 e5 15.
c4 Be6 16. Bb2 f6 17. Rad1 Qc7 18. f4 exf4 19. Rxf4 Rd8 20. Bd4 Rd7 21. c5 O-O
22. Rff1 Rb8 23. Be3 Rb4 24. cxd6 Bxd6 25. Bc5 Bxc5+ 26. Nxc5 Rxd1 27. Rxd1 Qb6
28. Qf2 Bg4 29. Rc1 a5 30. a3 Rb5 31. Qd4 a4 32. b4 Qc7 33. Rc3 Qf7 34. Qc4 Rb8
35. Qxf7+ Kxf7 36. Rd3 Re8 37. Kf2 f5 38. Rd4 g5 39. Ke3 Kf6 40. Nd7+ Kf7 41.
Nc5 Bh5 42. Rd6 fxe4 43. Rxc6 1-0

[Event "BL 8889 Delmenhorst-Sindelfingen"]
[Site "?"]
[Date "1989.??.??"]
[Round "?.1"]
[White "Mohr, S."]
[Black "Reeh, O."]
[Result "1-0"]
[WhiteElo "2470"]
[BlackElo "2460"]
[PlyCount "65"]
[EventDate "1989.??.??"]

1. d4 Nf6 2. c4 e6 3. Nf3 Bb4+ 4. Nbd2 b6 5. a3 Bxd2+ 6. Qxd2 Bb7 7. e3 O-O 8.
b3 d6 9. Bb2 Nbd7 10. Bd3 Ne4 11. Qc2 f5 12. O-O Rf6 13. d5 Rg6 14. Nd4 Ndc5
15. Bxe4 fxe4 16. b4 e5 17. bxc5 exd4 18. Qxe4 dxc5 19. exd4 cxd4 20. Qxd4 c6
21. f4 Qh4 22. Rae1 cxd5 23. cxd5 Rd8 24. Re5 h6 25. Qe4 Qg4 26. h3 Qg3 27. f5
Rg5 28. f6 Bxd5 29. Rxd5 Rgxd5 30. fxg7 R5d6 31. Rf8+ Rxf8 32. Qc4+ Rf7 33.
Qc8+ 1-0

[Event "BL 8889 Delmenhorst-Sindelfingen"]
[Site "?"]
[Date "1989.??.??"]
[Round "?.2"]
[White "Hausner, I."]
[Black "Fahnenschmidt, G."]
[Result "1-0"]
[WhiteElo "2435"]
[BlackElo "2380"]
[PlyCount "122"]
[EventDate "1989.??.??"]

1. d4 d5 2. c4 c6 3. Nf3 Nf6 4. Nc3 dxc4 5. a4 Bf5 6. Ne5 Nbd7 7. Nxc4 Qc7 8.
g3 e5 9. dxe5 Nxe5 10. Bf4 Rd8 11. Qc1 Bd6 12. Nxd6+ Qxd6 13. Bg2 O-O 14. O-O
Qe6 15. a5 a6 16. Ra4 Ng6 17. Be3 Bh3 18. Bb6 Rd7 19. Qe3 Qxe3 20. Bxe3 Bxg2
21. Kxg2 Nd5 22. Nxd5 Rxd5 23. Rb4 Rd7 24. Rc1 Ne7 25. Bc5 Rc8 26. Rcc4 Nd5 27.
Rb3 f5 28. e4 fxe4 29. Rxe4 h6 30. h4 Rf7 31. Rf3 Rxf3 32. Kxf3 Kf7 33. h5 Rc7
34. g4 Rd7 35. Rd4 Ke6 36. Kg3 Kf7 37. f4 Ke6 38. Re4+ Kf7 39. g5 Rd8 40. Kg4
Kg8 41. Kf5 hxg5 42. fxg5 Kh7 43. Re5 Rc8 44. Re6 Rd8 45. Kg4 Kg8 46. b4 Kh7
47. Kf5 Rc8 48. h6 Rd8 49. hxg7 Kxg7 50. Rg6+ Kf7 51. Rh6 Kg8 52. Rg6+ Kf7 53.
Rh6 Kg8 54. Bd4 Rf8+ 55. Bf6 Nxf6 56. gxf6 Rd8 57. Kg6 Rd6 58. Rh2 Rd7 59. Rh3
Rd6 60. Rh1 Rd7 61. Rh4 Rd6 1-0

[Event "BL 8889 Delmenhorst-Sindelfingen"]
[Site "?"]
[Date "1989.??.??"]
[Round "?.3"]
[White "Bialas, W."]
[Black "Hermann, Man"]
[Result "1/2-1/2"]
[WhiteElo "2365"]
[BlackElo "2365"]
[PlyCount "143"]
[EventDate "1989.??.??"]

1. g3 d5 2. Bg2 Nf6 3. d3 c6 4. f4 g6 5. Nf3 Bg7 6. O-O O-O 7. Nc3 Nbd7 8. e4
dxe4 9. dxe4 e5 10. f5 gxf5 11. Nh4 f4 12. Nf5 Nc5 13. Qxd8 Rxd8 14. Nxg7 Kxg7
15. gxf4 Ne6 16. fxe5 Nd7 17. Rf5 Ndf8 18. Be3 Nd4 19. Rf2 Bg4 20. Bg5 Rd7 21.
h4 h5 22. Kh2 Ng6 23. Bh3 Kg8 24. Bf6 Re8 25. Kg3 Bxh3 26. Kxh3 Nxe5 27. Rd1
Ng4 28. Bxd4 Nxf2+ 29. Bxf2 Rxd1 30. Nxd1 Rxe4 31. Bxa7 Re2 32. Ne3 f6 33. Kg3
Kf7 34. Bd4 Re1 35. a4 Rg1+ 36. Ng2 Rc1 37. Ne3 Rg1+ 38. Kf2 Rh1 39. Ng2 Ke6
40. a5 Rc1 41. Ne1 f5 42. Bc3 f4 43. Bd2 Ra1 44. Nd3 Kf5 45. Nxf4 Ra2 46. Nd3
Kg4 47. Bb4 Kxh4 48. Kf3 Kg5 49. Kg3 Ra1 50. Bd2+ Kf5 51. Nc5 Rg1+ 52. Kh3 Rh1+
53. Kg2 Rd1 54. Be3 Kg4 55. Nxb7 Ra1 56. Bd2 h4 57. Nc5 Rd1 58. Bc3 h3+ 59. Kh2
Rc1 60. Ne4 Rxc2+ 61. Nd2 Rc1 62. Nb3 Rc2+ 63. Kh1 Rf2 64. Nd2 Re2 65. Nc4 h2
66. Ne5+ Kg3 67. Ng6 Re6 68. Be5+ Kf3 69. a6 Rxg6 70. a7 Rg1+ 71. Kxh2 Ra1 72.
Bd4 1/2-1/2

[Event "BL 8889 Delmenhorst-Sindelfingen"]
[Site "?"]
[Date "1989.??.??"]
[Round "?.4"]
[White "Borik, O."]
[Black "Gruenenwald, J."]
[Result "1-0"]
[WhiteElo "2350"]
[BlackElo "2345"]
[PlyCount "95"]
[EventDate "1989.??.??"]

1. Nc3 c5 2. Nf3 Nf6 3. e4 d6 4. d4 cxd4 5. Nxd4 a6 6. g3 e5 7. Nb3 Be6 8. Bg2
Be7 9. O-O O-O 10. Nd5 Bxd5 11. exd5 Nbd7 12. Be3 Qc7 13. Nd2 a5 14. c4 Nc5 15.
b3 Nfd7 16. Qc2 f5 17. Rfe1 g6 18. Rac1 Bf6 19. f3 Rae8 20. Kh1 Kg7 21. g4 Bh4
22. Re2 Qd8 23. gxf5 Rxf5 24. Bh3 Rff8 25. Rg1 Kh8 26. Reg2 Rf7 27. a3 Nf8 28.
b4 Na6 29. Qb3 axb4 30. axb4 Nc7 31. c5 Be7 32. c6 b5 33. Ra1 e4 34. fxe4 Kg8
35. Rag1 Bf6 36. Qd3 Be5 37. Bg5 Qa8 38. Nf3 Bg7 39. Bd2 Qa4 40. Ng5 Rfe7 41.
Bd7 Ra8 42. Qg3 Be5 43. Qh4 Bf6 44. Rf2 Bd4 45. Ne6 Rxe6 46. dxe6 Bxf2 47. Qxf2
Nfxe6 48. Qf6 1-0

[Event "BL 8889 Delmenhorst-Sindelfingen"]
[Site "?"]
[Date "1989.??.??"]
[Round "?.5"]
[White "Sieglen, J."]
[Black "Wesseln, K."]
[Result "0-1"]
[WhiteElo "2330"]
[BlackElo "2350"]
[PlyCount "70"]
[EventDate "1989.??.??"]

1. d4 f5 2. Nf3 Nf6 3. g3 g6 4. Bg2 Bg7 5. O-O O-O 6. c4 d6 7. Nc3 Nc6 8. d5
Ne5 9. Nxe5 dxe5 10. e4 f4 11. b3 g5 12. Ba3 g4 13. Re1 f3 14. Bf1 h5 15. Rc1
h4 16. Rc2 Nh7 17. c5 Qe8 18. Qd3 Qh5 19. Bc1 Bd7 20. Be3 Bh6 21. c6 Bxe3 22.
Rxe3 bxc6 23. dxc6 Be6 24. Nd5 Rad8 25. Nxe7+ Kg7 26. Qc3 hxg3 27. fxg3 f2+ 28.
Kh1 Rd1 29. Rc1 Rxc1 30. Qxc1 Ng5 31. Nf5+ Rxf5 32. exf5 Bd5+ 33. Bg2 Qh3 34.
Rf3 Nxf3 35. Bxh3 Ne1+ 0-1

[Event "BL 8889 Delmenhorst-Sindelfingen"]
[Site "?"]
[Date "1989.??.??"]
[Round "?.6"]
[White "Schlemermeyer, W."]
[Black "Braun, M."]
[Result "1/2-1/2"]
[WhiteElo "2265"]
[BlackElo "2325"]
[PlyCount "58"]
[EventDate "1989.??.??"]

1. d4 d5 2. c4 e6 3. Nf3 Nf6 4. Nc3 Be7 5. Bg5 O-O 6. e3 Nbd7 7. Rc1 Re8 8. Bd3
dxc4 9. Bxc4 a6 10. a4 c5 11. O-O cxd4 12. exd4 Nb6 13. Bb3 Bd7 14. Ne5 Bc6 15.
Qe2 Bd5 16. Bc2 h6 17. Bd2 Rc8 18. Rfe1 Bf8 19. Bd3 Bb3 20. a5 Nbd5 21. Ne4
Rxc1 22. Rxc1 Nxe4 23. Bxe4 Re7 24. Qf3 Nf6 25. Bxb7 Qxd4 26. Bc3 Rc7 27. Re1
Qa7 28. Bc6 Bd5 29. Bxd5 Nxd5 1/2-1/2

[Event "BL 8889 Delmenhorst-Sindelfingen"]
[Site "?"]
[Date "1989.??.??"]
[Round "?.8"]
[White "Juhnke, K."]
[Black "Migl, D."]
[Result "1-0"]
[WhiteElo "2320"]
[BlackElo "2260"]
[PlyCount "87"]
[EventDate "1989.??.??"]

1. d4 Nf6 2. c4 e6 3. Nc3 c5 4. d5 exd5 5. cxd5 d6 6. Nf3 g6 7. Nd2 Bg7 8. e4
O-O 9. Be2 Re8 10. O-O Nbd7 11. a4 Ne5 12. Ra3 g5 13. Qc2 g4 14. Re1 a6 15. Nf1
Nh5 16. Nd1 Rb8 17. a5 Qf6 18. Ng3 Nxg3 19. hxg3 Bd7 20. Bd2 Qg6 21. Ne3 h5 22.
Nf5 Bxf5 23. exf5 Qf6 24. Bc3 Qg5 25. Bd2 Qf6 26. Rb3 Bh6 27. Bc3 Qg5 28. Bf1
Bg7 29. Bd2 Qd8 30. Rb6 Qc7 31. Bf4 Re7 32. Rc1 Rc8 33. f6 Bxf6 34. Qf5 Bg7 35.
Rxd6 c4 36. Rb6 Qd7 37. Qg5 f6 38. Qxh5 Qxd5 39. Bxe5 Qxe5 40. Qxg4 f5 41.
Bxc4+ Kf8 42. Qg6 Rec7 43. Re6 Rc6 44. Rxc6 1-0

[Event "BL 8889 HSK-Lasker"]
[Site "?"]
[Date "1989.??.??"]
[Round "?.1"]
[White "Brunner, L."]
[Black "Chandler, M."]
[Result "0-1"]
[WhiteElo "2425"]
[BlackElo "2605"]
[PlyCount "60"]
[EventDate "1989.??.??"]

1. e4 c5 2. Nf3 Nc6 3. d4 cxd4 4. Nxd4 Nf6 5. Nc3 e5 6. Ndb5 d6 7. Bg5 a6 8.
Na3 b5 9. Bxf6 gxf6 10. Nd5 Bg7 11. Bd3 Ne7 12. Nxe7 Qxe7 13. c4 f5 14. O-O O-O
15. Qe2 Bb7 16. Rad1 Rad8 17. f3 fxe4 18. fxe4 f5 19. Nc2 Kh8 20. b3 bxc4 21.
bxc4 a5 22. Rde1 Rde8 23. Qe3 f4 24. Qb6 Bf6 25. Na3 d5 26. Nb5 Bh4 27. exd5
Bxe1 28. Rxe1 f3 29. gxf3 Rxf3 30. Be2 Qh4 0-1

[Event "BL 8889 HSK-Lasker"]
[Site "?"]
[Date "1989.??.??"]
[Round "?.2"]
[White "Wahls, M."]
[Black "Berg, K."]
[Result "1-0"]
[WhiteElo "2460"]
[BlackElo "2385"]
[PlyCount "79"]
[EventDate "1989.??.??"]

1. e4 c5 2. Nf3 d6 3. d4 cxd4 4. Nxd4 Nf6 5. Nc3 g6 6. Be3 Bg7 7. f3 Nc6 8. Qd2
O-O 9. Bc4 Bd7 10. O-O-O Rc8 11. Bb3 Ne5 12. Bg5 Nc4 13. Bxc4 Rxc4 14. e5 dxe5
15. Nde2 Rc7 16. Nb5 Bf5 17. Nxc7 Qxc7 18. Nc3 Rc8 19. Kb1 b5 20. Rhe1 b4 21.
Ne4 a5 22. Re3 h6 23. Bxf6 exf6 24. Rd3 Kh7 25. Rd8 Be6 26. Rxc8 Qxc8 27. Qd8
Qa6 28. Nc5 Bxa2+ 29. Kxa2 Qc4+ 30. Nb3 a4 31. Qd3 axb3+ 32. Qxb3 Qe2 33. Rd6
Qxg2 34. Rd7 Qe2 35. Qxf7 b3+ 36. Kxb3 Qb5+ 37. Kc3 Qc5+ 38. Kd3 Qb5+ 39. Kd2
Qb4+ 40. Kd1 1-0

[Event "BL 8889 HSK-Lasker"]
[Site "?"]
[Date "1989.??.??"]
[Round "?.3"]
[White "Fries Nielsen, J."]
[Black "Maus, So"]
[Result "1-0"]
[WhiteElo "2385"]
[BlackElo "2400"]
[PlyCount "131"]
[EventDate "1989.??.??"]

1. d4 Nf6 2. Nf3 c5 3. d5 d6 4. c4 e6 5. Nc3 exd5 6. cxd5 g6 7. e4 Bg7 8. h3
O-O 9. Bd3 Nbd7 10. O-O Nh5 11. Bg5 Bf6 12. Bh6 Bg7 13. Bxg7 Nxg7 14. Qd2 f6
15. Be2 Qe7 16. Rfe1 Ne5 17. Rab1 b6 18. b4 g5 19. bxc5 bxc5 20. Nb5 Ng6 21.
Bf1 Nf4 22. Kh2 Ne8 23. g3 Ng6 24. Na3 Ne5 25. Bg2 Qg7 26. Nxe5 fxe5 27. Nc4
Qg6 28. Rb2 Ba6 29. Ne3 Ng7 30. Qc3 h5 31. Qa3 Bc8 32. Qa4 Qe8 33. Qxe8 Nxe8
34. Bf1 Nf6 35. Nc4 Rd8 36. Na5 Kf8 37. Re3 Bd7 38. Rf3 Kg7 39. Rb7 Rab8 40.
Rfb3 Rxb7 41. Rxb7 Kf8 42. Nc6 Ke8 43. f3 a6 44. a4 Ng8 45. h4 g4 46. fxg4 Bxg4
47. a5 Nf6 48. Rb6 Bc8 49. Nxe5 Nxe4 50. Nc4 Ke7 51. Bg2 Nf6 52. Nxd6 Bd7 53.
Nc4 Ng4+ 54. Kg1 Re8 55. Rb7 Kd8 56. Rb1 Bb5 57. Nd6 Re3 58. Nxb5 axb5 59. Rxb5
Rxg3 60. a6 Ra3 61. Rb6 Ra1+ 62. Bf1 Ne3 63. a7 Rxa7 64. Kf2 Ng4+ 65. Ke2 Ke7
66. d6+ 1-0

[Event "BL 8889 HSK-Lasker"]
[Site "?"]
[Date "1989.??.??"]
[Round "?.4"]
[White "Reefschlaeger, H."]
[Black "Muse, M."]
[Result "1-0"]
[WhiteElo "2360"]
[BlackElo "2380"]
[PlyCount "111"]
[EventDate "1989.??.??"]

1. e4 g6 2. d4 Bg7 3. Nc3 d6 4. Nge2 c6 5. a4 a5 6. g3 h5 7. h4 Bg4 8. Bg2 Qc8
9. Be3 Na6 10. Qd2 Nc7 11. O-O Bh3 12. Rae1 Nh6 13. d5 Bxg2 14. Kxg2 cxd5 15.
Nxd5 Nxd5 16. Qxd5 O-O 17. Bxh6 Bxh6 18. c4 Bg7 19. b3 Ra6 20. f4 e6 21. Qd3
Qc6 22. Nd4 Bxd4 23. Qxd4 Rb6 24. Rf3 f5 25. Kf2 fxe4 26. Rxe4 e5 27. Qd3 Rxb3
28. Qxb3 Qxe4 29. c5+ Kg7 30. cxd6 exf4 31. Qc3+ Kg8 32. gxf4 Qxa4 33. Qe5 Qc2+
34. Kg3 Qf5 35. Qxf5 Rxf5 36. Rd3 Rf8 37. f5 Kg7 38. d7 Rd8 39. Kf4 Kf6 40.
fxg6 a4 41. g7 Kxg7 42. Ke5 b5 43. Ke6 b4 44. Rd4 a3 45. Rxb4 Ra8 46. Rb1 a2
47. Ra1 Kg6 48. Rg1+ Kh7 49. Ke7 a1=Q 50. Rxa1 Rxa1 51. d8=Q Re1+ 52. Kf6 Rg1
53. Qe7+ Kg8 54. Qf7+ Kh8 55. Qxh5+ Kg8 56. Qg5+ 1-0

[Event "BL 8889 HSK-Lasker"]
[Site "?"]
[Date "1989.??.??"]
[Round "?.5"]
[White "Junge, R."]
[Black "Wegner, H."]
[Result "0-1"]
[WhiteElo "2370"]
[BlackElo "2290"]
[PlyCount "53"]
[EventDate "1989.??.??"]

1. e4 e5 2. Nf3 Nc6 3. Bb5 a6 4. Ba4 Nf6 5. O-O Be7 6. Re1 b5 7. Bb3 O-O 8. c3
d5 9. exd5 Nxd5 10. Nxe5 Nxe5 11. Rxe5 c6 12. d4 Bd6 13. Re1 Qh4 14. g3 Qh3 15.
Be3 Bg4 16. Qd3 Rae8 17. Nd2 Re6 18. a4 bxa4 19. Rxa4 f5 20. Qf1 Qh5 21. f4
Rfe8 22. Qf2 g5 23. fxg5 f4 24. gxf4 Bh3 25. Kh1 Qg4 26. Nf3 Rxe3 27. Rxe3 0-1

[Event "BL 8889 Delmenhorst-Kreuzberg"]
[Site "?"]
[Date "1989.??.??"]
[Round "?.1"]
[White "Conquest, S."]
[Black "Reeh, O."]
[Result "0-1"]
[WhiteElo "2490"]
[BlackElo "2460"]
[PlyCount "108"]
[EventDate "1989.??.??"]

1. e4 c5 2. Nf3 d6 3. d4 cxd4 4. Nxd4 Nf6 5. Nc3 Nc6 6. Bg5 e6 7. Qd2 Be7 8.
O-O-O O-O 9. Nb3 Qb6 10. g4 Rd8 11. Be3 Qc7 12. g5 Ng4 13. Bf4 a6 14. Bg3 b5
15. h4 Nge5 16. f4 Nc4 17. Qe2 Bd7 18. h5 Rac8 19. Qf3 N6a5 20. Rh2 b4 21. Nb1
Qb7 22. Bd3 e5 23. Nxa5 Nxa5 24. b3 Nc6 25. g6 Nd4 26. gxf7+ Kf8 27. Qe3 Qb6
28. Bf2 Bb5 29. Bg1 Qa5 30. Bxb5 Qxb5 31. Qd3 Qxd3 32. Rxd3 Ne6 33. fxe5 dxe5
34. Rxd8+ Rxd8 35. Be3 Nf4 36. Nd2 Kxf7 37. Rf2 Ke8 38. Nc4 Bg5 39. Kb2 h6 40.
Bc5 Nxh5 41. Bxb4 Nf6 42. Re2 Bf4 43. Bc5 g5 44. Bb6 Rc8 45. Bf2 h5 46. Nb6 Rc6
47. c4 h4 48. Nd5 h3 49. Bg1 g4 50. Kc2 g3 51. Kd3 Ng4 52. Re1 g2 53. Nxf4 exf4
54. Ke2 h2 0-1

[Event "BL 8889 Delmenhorst-Kreuzberg"]
[Site "?"]
[Date "1989.??.??"]
[Round "?.4"]
[White "Borik, O."]
[Black "Glienke, M."]
[Result "1-0"]
[WhiteElo "2350"]
[BlackElo "2295"]
[PlyCount "81"]
[EventDate "1989.??.??"]

1. d4 d5 2. c4 e6 3. Nc3 Be7 4. Nf3 Nf6 5. Bg5 h6 6. Bh4 O-O 7. e3 Nbd7 8. Rc1
c6 9. Bd3 dxc4 10. Bxc4 b5 11. Bd3 a6 12. O-O c5 13. a4 c4 14. Bb1 Nd5 15. Bg3
Nxc3 16. bxc3 Bb7 17. Qc2 f5 18. Nd2 Nf6 19. f3 Nd5 20. Rfe1 Ba3 21. e4 Bxc1
22. Qxc1 Nb6 23. axb5 axb5 24. Qb2 Qd7 25. Qb4 Rf7 26. Bf2 Qc6 27. d5 exd5 28.
exf5 Nd7 29. Re6 Qc7 30. Qxb5 Nf8 31. Rb6 Qd7 32. Qb2 Re8 33. Nf1 Bc8 34. Ne3
Rfe7 35. Qd2 Bb7 36. f6 Rf7 37. fxg7 Rxg7 38. Nf5 Rg6 39. Nxh6+ Kg7 40. Bd4+
Kh7 41. Ng4 1-0

[Event "BL 8889 Delmenhorst-Kreuzberg"]
[Site "?"]
[Date "1989.??.??"]
[Round "?.5"]
[White "Lehmann, K."]
[Black "Wesseln, K."]
[Result "0-1"]
[WhiteElo "2325"]
[BlackElo "2350"]
[PlyCount "115"]
[EventDate "1989.??.??"]

1. e4 c5 2. c3 g6 3. d4 Qc7 4. Nf3 Bg7 5. Nbd2 d6 6. Bc4 Nc6 7. dxc5 dxc5 8.
O-O Nf6 9. Re1 e6 10. a4 O-O 11. Qc2 b6 12. Bf1 Bb7 13. Nc4 h6 14. g3 Rad8 15.
Bf4 Qe7 16. a5 g5 17. Bc1 b5 18. a6 Ba8 19. Na5 Qc7 20. Nxc6 Bxc6 21. h4 gxh4
22. Nxh4 Qe7 23. Nf3 Nh7 24. Bg2 Ng5 25. Nxg5 hxg5 26. Qe2 e5 27. Bh3 Bf6 28.
Qh5 Kg7 29. Qf3 Rh8 30. Bg2 Bd7 31. Be3 Be6 32. Red1 g4 33. Qe2 c4 34. Rxd8
Rxd8 35. Rd1 Rd6 36. Rxd6 Qxd6 37. Bxa7 Qxa6 38. Bc5 Qc6 39. Qe3 Kg6 40. Ba3
Bg5 41. Qa7 f6 42. Qe7 Qd7 43. Qc5 Bh6 44. Bf1 Bg5 45. Qb6 Bc1 46. Be2 Bh6 47.
b3 cxb3 48. Bxb5 Qc8 49. Bc6 Bf8 50. Bb2 Bc4 51. Kg2 Be7 52. Bd5 Bc5 53. Qa5
Qh8 54. Kg1 Qh3 55. Bf7+ Kg7 56. Bxc4 Qxg3+ 57. Kh1 Qf3+ 58. Kh2 0-1

[Event "BL 8889 Delmenhorst-Kreuzberg"]
[Site "?"]
[Date "1989.??.??"]
[Round "?.6"]
[White "Schlemermeyer, W."]
[Black "Federau, J."]
[Result "1-0"]
[WhiteElo "2265"]
[BlackElo "2300"]
[PlyCount "123"]
[EventDate "1989.??.??"]

1. d4 Nf6 2. Nf3 e6 3. c4 d5 4. Nc3 Be7 5. Bg5 O-O 6. e3 Nbd7 7. Rc1 c6 8. Bd3
h6 9. Bh4 dxc4 10. Bxc4 b5 11. Bd3 a6 12. a4 bxa4 13. Nxa4 Qa5+ 14. Nd2 Bb4 15.
Nc3 c5 16. Nb3 Qb6 17. dxc5 Bxc5 18. Nxc5 Qxc5 19. O-O Qb4 20. Bg3 Qxb2 21. Na4
Qb7 22. Qc2 Re8 23. Bd6 Nf8 24. Rb1 Qa7 25. Nb6 Bb7 26. Nxa8 Qxa8 27. f3 a5 28.
e4 Rc8 29. Qb2 Ba6 30. Bxa6 Qxa6 31. Bxf8 Rxf8 32. Qb5 Qa7+ 33. Qb6 Ra8 34.
Qxa7 Rxa7 35. Rb8+ Kh7 36. Ra1 Nd7 37. Rb5 a4 38. Ra3 e5 39. Kf2 Kg6 40. Ke3 f6
41. Kd3 Kg5 42. Ke3 h5 43. Ra2 h4 44. Rab2 a3 45. Ra2 g6 46. Rb3 Nc5 47. Rbxa3
Rb7 48. Rc3 Ne6 49. g3 hxg3 50. hxg3 Rb6 51. Ra5 Kh6 52. Rca3 Nd4 53. Rc3 Rb2
54. f4 Nc2+ 55. Kd3 Ne1+ 56. Kc4 exf4 57. gxf4 Rf2 58. Rh3+ Kg7 59. Ra7+ Kg8
60. Rb3 Rc2+ 61. Kd5 Rc8 62. Rg3 1-0

[Event "BL 8889 Lasker-Delmenhorst"]
[Site "?"]
[Date "1989.??.??"]
[Round "?.1"]
[White "Reeh, O."]
[Black "Brunner, L."]
[Result "0-1"]
[WhiteElo "2460"]
[BlackElo "2425"]
[PlyCount "80"]
[EventDate "1989.??.??"]

1. e4 e5 2. Nf3 Nc6 3. Bb5 Nf6 4. O-O Nxe4 5. d4 Nd6 6. Bxc6 dxc6 7. dxe5 Nf5
8. Qxd8+ Kxd8 9. c4 Be6 10. b3 h6 11. Nc3 b6 12. Bb2 Kc8 13. Ne4 Kb7 14. h3 c5
15. Rad1 g5 16. Nf6 Ne7 17. Nd2 Ng6 18. Nde4 Bg7 19. Ng3 Rhd8 20. Ngh5 Bh8 21.
g4 a6 22. Rxd8 Rxd8 23. f4 gxf4 24. Nxf4 Nxf4 25. Rxf4 b5 26. cxb5 axb5 27. Rf2
c4 28. bxc4 Bxc4 29. a3 Bg7 30. Ne4 Bf8 31. Rd2 Ra8 32. h4 Bxa3 33. Bxa3 Rxa3
34. g5 hxg5 35. h5 Re3 36. h6 Rxe4 37. h7 Rh4 38. Rh2 Rxh7 39. Rxh7 b4 40. Kf2
Be6 0-1

[Event "BL 8889 Lasker-Delmenhorst"]
[Site "?"]
[Date "1989.??.??"]
[Round "?.2"]
[White "Berg, K."]
[Black "Hausner, I."]
[Result "1-0"]
[WhiteElo "2385"]
[BlackElo "2435"]
[PlyCount "123"]
[EventDate "1989.??.??"]

1. e4 c5 2. Nc3 e6 3. Nf3 d6 4. d4 cxd4 5. Nxd4 Nf6 6. g4 h6 7. g5 hxg5 8. Bxg5
a6 9. Qd2 Nbd7 10. O-O-O b5 11. a3 Bb7 12. Bg2 Qb6 13. f4 Rc8 14. h4 Nh7 15. f5
e5 16. Nb3 Nhf6 17. Bf3 b4 18. axb4 Qxb4 19. Kb1 Nb6 20. Qd3 Nc4 21. Bxf6 gxf6
22. Be2 Qb6 23. Rh3 Bh6 24. Nd5 Bxd5 25. Qxd5 Ne3 26. Qxd6 Qxd6 27. Rxd6 Rg8
28. Rxf6 Rg1+ 29. Ka2 Bf4 30. Bd3 Nxc2 31. Bxc2 Rxc2 32. Rc3 Rxc3 33. bxc3 Re1
34. Nc5 Bd2 35. Kb3 Re3 36. Kc4 Rxc3+ 37. Kd5 Be3 38. Rc6 Bxc5 39. Rxc5 Rh3 40.
Ra5 Rxh4 41. Rxa6 Kf8 42. Kxe5 Kg7 43. Ra8 Rh5 44. Ra3 Rg5 45. Kf4 Rh5 46. Rg3+
Kf8 47. e5 Rh1 48. Rb3 Rf1+ 49. Kg5 Kg7 50. f6+ Kh7 51. Rb4 Kg8 52. Rb7 Rg1+
53. Kf5 Rf1+ 54. Ke4 Ra1 55. Rb8+ Kh7 56. Rb3 Kg8 57. Kd5 Ra5+ 58. Kd4 Ra4+ 59.
Kc5 Ra5+ 60. Rb5 Ra1 61. Rb8+ Kh7 62. e6 1-0

[Event "BL 8889 Lasker-Delmenhorst"]
[Site "?"]
[Date "1989.??.??"]
[Round "?.3"]
[White "Hermann, Man"]
[Black "Fries Nielsen, J."]
[Result "0-1"]
[WhiteElo "2365"]
[BlackElo "2385"]
[PlyCount "72"]
[EventDate "1989.??.??"]

1. e4 g6 2. d4 c6 3. Nc3 d5 4. h3 Bg7 5. Nf3 f6 6. Bd3 Nh6 7. Bxh6 Bxh6 8. Qe2
e6 9. Nd1 O-O 10. c3 Nd7 11. O-O f5 12. exd5 exd5 13. c4 Nf6 14. Nc3 Re8 15.
Qc2 Be6 16. Qb3 Rb8 17. Rfe1 Ne4 18. Rad1 Kh8 19. cxd5 cxd5 20. Ne5 Qh4 21.
Bxe4 fxe4 22. Nb5 Rf8 23. Re2 Qh5 24. Rde1 Rbc8 25. Nd6 Rc1 26. Rxc1 Qxe2 27.
Qc2 Qa6 28. Qc7 Bxc1 29. Qe7 Bh6 30. Qxe6 e3 31. Nef7+ Rxf7 32. Nxf7+ Kg7 33.
Qe7 Qf6 34. Qxf6+ Kxf6 35. Ne5 e2 36. Nf3 Bd2 0-1

[Event "BL 8889 Lasker-Delmenhorst"]
[Site "?"]
[Date "1989.??.??"]
[Round "?.4"]
[White "Muse, M."]
[Black "Borik, O."]
[Result "1-0"]
[WhiteElo "2380"]
[BlackElo "2350"]
[PlyCount "46"]
[EventDate "1989.??.??"]

1. d4 g6 2. e4 Bg7 3. c3 d6 4. Bg5 Nf6 5. Nd2 O-O 6. Ngf3 Nbd7 7. c4 h6 8. Bh4
c6 9. Bd3 d5 10. e5 Nh5 11. Bc2 Qe8 12. O-O f5 13. exf6 exf6 14. Re1 Qf7 15.
Qb1 Kh7 16. g4 Nf4 17. Bg3 h5 18. Bxf4 hxg4 19. Bd6 Re8 20. Bxg6+ Qxg6 21.
Qxg6+ Kxg6 22. Rxe8 gxf3 23. Kh1 Nb6 1-0